| 000 | 00584nam a2200193 i 4500 | ||
|---|---|---|---|
| 001 | 105467 | ||
| 003 | ES-MaACL | ||
| 005 | 20230906183908.0 | ||
| 007 | t| | ||
| 008 | 060718s1967 fr ||||1| spa d | ||
| 080 | _a821.134.2-4"19" | ||
| 100 | 1 |
_aGoytisolo, Juan. _959422 |
|
| 245 | 1 | 3 |
_aEl furgón de cola / _cJuan Goytisolo. |
| 260 |
_a[París] : _bRuedo Ibérico, _c1967. |
||
| 300 |
_a203 p. ; _c22 cm. |
||
| 650 | 4 |
_aLiteratura y sociedad- _zEspaña- _yS.XX. _9171720 |
|
| 710 | 2 |
_aÉditions Ruedo ibérico. _9145333 |
|
| 852 |
_aES-MaACL _jAND-272 _z- Biblioteca Juan Andrade |
||
| 999 |
_c105467 _d105467 |
||